| 000 | 00825nam a22002777a 4500 | ||
|---|---|---|---|
| 003 | CHAP | ||
| 005 | 20220329140758.0 | ||
| 008 | 971013s1968 r 00010 d | ||
| 010 | _a57455 | ||
| 011 | _a58427 | ||
| 035 | _a62582 | ||
| 040 | _cCHAP | ||
| 090 | _aFolleto 2720 | ||
| 100 | 0 | 0 |
_aSotelo Avila, Gilberto. _9108836 |
| 245 | _aproyecto de un nuevo túnel de viento | ||
| 260 |
_aMéxico, D.F. : _bUNAM. Instituto de Ingeniería, _c1968 |
||
| 300 |
_a62 p. _b: ilus. |
||
| 590 |
_aBATCH-UPD _b10 _c20130110 _lUCH01 _h0750 |
||
| 590 |
_aBATCH-UPD _b10 _c20130410 _lUCH01 _h0430 |
||
| 590 |
_aBATCH-UPD _b10 _c20130914 _lUCH01 _h2032 |
||
| 590 |
_aCONVERSION _b10 _c20130109 _lUCH01 _h1331 |
||
| 650 | 1 | 4 |
_aTúneles. _9114374 |
| 901 | _aBK | ||
| 942 | _cFOLL | ||
| 949 |
_aFolleto 2720 _bBC _cLIBRO _d-134121 _eTS1 _i62582 _si |
||
| 999 |
_c57455 _d57455 |
||